LEADER 00829nam0-22002891i-450- 001 990007736780403321 035 $a000773678 035 $aFED01000773678 035 $a(Aleph)000773678FED01 035 $a000773678 100 $a20021010d--------km-y0itay50------ba 101 0 $aita 200 1 $aCONDOMINIO degli edifici$fredatto da Renato Ricci, Enrico De La Forest$gdiretto e coordinato da Mario Longo 210 $aTorino$cUTET$d1973 215 $aXIX, 735 p.$d24 cm 225 1 $aManuali di casistica giuridica$v4 676 $a346.04 702 1$aLongo,$bMario 702 1$aRicci,$bRenato 801 0$aIT$bUNINA$gRICA$2UNIMARC 901 $aBK 912 $a990007736780403321 952 $a19-S-46$b1601 nav.$fDDCP 959 $aDDCP 996 $aCondominio degli edifici$9114477 997 $aUNINA DB $aGEN01 LEADER 01327nam2 22003131i 450 001 UON00287734 005 20231205103908.310 010 $a83-04-00066-0 100 $a20070206d1983 |0itac50 ba 101 $apol 102 $aPL 105 $a|||| 1|||| 200 1 $aPoematy$fJuliusz Slowacki$gopracowal Julian Krzyzanowski 205 $aWroclaw : Ossolineum$b1983 210 $a401 p.$a20 cm 215 $aInd. op.$cPodroz do Ziemi Swietej z Neapolu$dBeniowski$dAnhelli$dRozmowa z Matka Makryna Mieczyslawska$dGenesis z Ducha$dKrol Duch. 311 $aVol. 2.$9UON00193406 461 0$1001UON00193406$12001 $aDziela wybrane$fJuliusz Slowacki$gpod redakcja Juliana Krzyzanowskiego$1210 $aWroclaw$cOssolineum$d1983$1215 $a6 v.$ctav.$d20 cm.$vVol. 2. 620 $aPL$dWroc?aw$3UONL003154 676 $a891.85$cLetteratura polacca$v21 700 1$aSlowacki$bJuliusz$3UONV114251$0444683 702 1$aKrzyzanowski$bJulian$3UONV114294 712 $aOssolineum$3UONV261461$4650 801 $aIT$bSOL$c20250725$gRICA 899 $aSIBA - SISTEMA BIBLIOTECARIO DI ATENEO$2UONSI 912 $aUON00287734 950 $aSIBA - SISTEMA BIBLIOTECARIO DI ATENEO$dSI A SLOW 0004 $eSI EO 17234 5 0004 996 $aPoematy$91181403 997 $aUNIOR